Development in biological standardization: Vol.73 - Pertussis: Evaluation and research on a cellular pertussis vaccines

保存先:
書誌詳細
フォーマット: 図書
言語:Undetermined
出版事項: Switzerland Médecine et Hygiène 1991
主題:
タグ: タグ追加
タグなし, このレコードへの初めてのタグを付けませんか!
Thư viện lưu trữ: Trung tâm Học liệu Trường Đại học Cần Thơ
LEADER 00534nam a2200157Ia 4500
001 CTU_21644
008 210402s9999 xx 000 0 und d
082 |a 615.372 
082 |b G226/Vol.73 
245 0 |a Development in biological standardization: Vol.73 - Pertussis: Evaluation and research on a cellular pertussis vaccines 
260 |a Switzerland 
260 |b Médecine et Hygiène 
260 |c 1991 
650 |a drugs,pharmacology,vaccines 
904 |i Minh, 980116 
980 |a Trung tâm Học liệu Trường Đại học Cần Thơ